00317nam a2200109Ia 4500008004000000082001700040100001100057245003500068260007700103300001500180650001200195210210b1969 xxu||||| |||| 00| 0 eng d a050.954 INDI aINDIA. aIndia a reference annual 1969. aNew Delhi.bMinistry of Information & Broadcasting Govt Of India.,c1969 axii,652,82 aIndia